|
|
|
|
| LEADER |
00000nab a2200000 a 4500 |
| 001 |
vtls000587259 |
| 003 |
SK-MaSNL |
| 005 |
20260318123323.0 |
| 008 |
180130c1995 xo 0 ukr |
| 015 |
|
|
|a SNBRB19rr/mm-uuuuu
|
| 035 |
|
|
|a CL0587398
|
| 040 |
|
|
|a SNKBUCL
|b slo
|c SNKBUCL
|e AACR2
|
| 041 |
0 |
|
|a ukr
|
| 044 |
|
|
|a xo
|c SK
|
| 080 |
|
|
|a 323.1(437.6)
|2 1981
|
| 080 |
|
|
|a 323.15(437.6=83=875)
|2 1981
|
| 100 |
1 |
|
|a (r)
|4 aut
|9 636179
|
| 245 |
1 |
0 |
|a Čy, može, my pohani učni?!
|c (r)
|
| 650 |
0 |
7 |
|a národnostná politika
|2 snkbucl
|9 4656
|
| 651 |
|
7 |
|a Slovensko
|2 snkbucl
|9 14231
|
| 655 |
|
7 |
|a články z novín a časopisov
|2 snkbucl
|9 267496
|
| 773 |
0 |
|
|t Duklja
|g Roč. 43, č. 6 (1995), s. 50
|
| 850 |
|
|
|a Slovenská národná knižnica v Martine
|a POA001
|
| 852 |
|
|
|a SNK
|b KIS3GCP
|
| 958 |
|
|
|a RK
|
| 958 |
|
|
|a UK
|
| 958 |
|
|
|a SK
|
| 992 |
|
|
|a RBX
|
| 999 |
|
|
|c 2684713
|d 2686643
|